00334nam a2200121Ia 4500003000400000008004100004040001600045082001300061100002200074245004600096260005900142300001100201GCL140319s9999 xx 000 0 eng d aGCL / cGCL04a508bO M1 aOAKLEY, KENNETH P10aMAN THE TOOL-MALEER / cOAKLEY, KENNETH P a[S.N] : bTHE TRUSTEES OF THE BRITISH MUSEUM ، c1961 a98 P P